书目信息 |
| 题名: |
控制微电机设计
|
|
| 作者: | ;西安微电机研究所 编 | |
| 分册: | 第二册 旋转变压器 | |
| 出版信息: | 北京 机械工业出版社 1974 |
|
| 页数: | 92页 | |
| 开本: | 19cm | |
| 丛书名: | ||
| 单 册: | ||
| 中图分类: | TM383.02 | |
| 科图分类: | ||
| 主题词: | 微电机 | |
| 电子资源: | ||
| ISBN: | ||
| 000 | 00700nam0 2200229 450 | |
| 001 | 0638407305 | |
| 005 | 20060814093948.81 | |
| 010 | @dCNY0.34 | |
| 091 | @a15033.4203 | |
| 100 | @a20060726d1974 km y0chiy0120 ea | |
| 101 | 0 | @achi |
| 102 | @aCN@b110000 | |
| 102 | @aCN@b110000 | |
| 200 | 1 | @a控制微电机设计@h第二册@i旋转变压器@Akong zhi wei dian ji she ji@f西安微电机研究所编@Fxi an wei dian ji yan jiu suo bian |
| 210 | @a北京@c机械工业出版社@d1974 | |
| 215 | @a92页@d19cm | |
| 517 | 1 | @a旋转变压器@Axuan zhuan bian ya qi |
| 606 | 0 | @a微电机 |
| 690 | @aTM383.02@v3 | |
| 711 | 0 | @a西安微电机研究所@Axi an wei dian ji yan jiu suo@4编 |
| 801 | 0 | @aCN@bNISOFT@c20060814 |
| 905 | @dTM383.02@e34:2 | |
| 控制微电机设计.第二册.旋转变压器/西安微电机研究所编.-北京:机械工业出版社,1974 |
| 92页;19cm |
| ISBN :CNY0.34 |
| ● |
| 相关链接 |
|
|
|
|
正题名:控制微电机设计
索取号:TM383.02/34:2
 
预约/预借
| 序号 | 登录号 | 条形码 | 馆藏地/架位号 | 状态 | 备注 |
| 1 | 0452232 | 204522329 | 密集书库/ [索取号:TM383.02/34:2] | 在馆 | |
| 2 | 0458042 | 204580426 | 密集书库/ [索取号:TM383.02/34:2] | 在馆 |